| 000 | 00542nam a22001577a 4500 | ||
|---|---|---|---|
| 003 | NUST | ||
| 082 | _a200 | ||
| 100 |
_aJavaid, Muhammad Nouman _9118395 |
||
| 245 |
_aDETECTING WEB URL PHISHING: A LIGHTWEIGHT LEXICAL-BASED MACHINE LEARNING METHOD/ _cMuhammad Nouman Javaid, |
||
| 264 |
_aIslamabad: _bSEECS, NUST, _c2023. |
||
| 300 |
_a73 p. ; _c30 cm. |
||
| 650 |
_aMS- Information Security _927215 |
||
| 700 |
_aSupervisor: Dr. Mehdi Hussain _996690 |
||
| 856 | _uhttp://10.250.8.41:8080/xmlui/handle/123456789/37267 | ||
| 942 |
_2ddc _cSC |
||
| 999 |
_c603349 _d603349 |
||